Largest Soviet Union Cities - Statistics

General Stats
  • This quiz has been taken 213 times
  • The average score is 15 of 24
Answer Stats
Hint Answer % Correct
16,170,000 Moscow
100%
5,126,000 St Petersburg
96%
2,241,000 Kiev
93%
1,910,000 Minsk
85%
2,661,000 Baku
77%
2,250,000 Tashkent
70%
1,125,000 Tbilisi
70%
1,016,000 Volgograd
69%
1,010,000 Odessa
67%
1,713,000 Almaty
64%
1,440,000 Kharkiv
63%
1,275,000 Nizhny Novgorod
63%
1,216,000 Kazan
61%
1,178,000 Omsk
60%
1,120,000 Rostov-on-Don
58%
1,171,000 Samara
57%
1,584,000 Novosibirsk
56%
1,121,000 Ufa
50%
1,042,000 Perm
49%
1,192,000 Chelyabinsk
46%
1,032,000 Ashgabat
40%
1,068,000 Krasnoyarsk
29%
1,032,000 Voronezh
29%
1,477,000 Yekatarinberg
3%
No matching quizzes found
Score Distribution
Percent of People with Each Score
Percentile by Number Answered
Your Score History
You have not taken this quiz